000 00645cab a2200241 4500
001 ABS53537
008 090401t1995 xxu||||| |||| 00| 0 eng d
035 _a(Sirsi) u4989
041 _aeng
245 _aCost update: procurement
260 _c1995
350 _a0
490 _aBuilding
_v260(7909) 22 September 1995, 52-54(3)
520 _aA quarterly analysis of material prices, unit rates and labour costs.
650 _aDAY WORKS
650 _aLABOUR COSTS
650 _aMATERIAL PRICES
650 _aTENDER PRICES
650 _aUNIT RATES
690 _aBUILT ENVIRONMENT-BUILDING COSTS
942 _n0
948 _c04/03/1997
999 _c3005
_d3005